Bài tập vẽ kỹ thuật phần 2 /
Cuốn sách gồm 33 bài tập, giúp sinh viên thực hành, nắm vững kiến thức lý thuyết đã học.
Tallennettuna:
| Päätekijä: | |
|---|---|
| Aineistotyyppi: | Kirja |
| Kieli: | Vietnamese |
| Julkaistu: |
TP.HCM :
CĐKT Cao Thắng,
2013
|
| Painos: | Lần thứ 1 |
| Aiheet: | |
| Tagit: |
Lisää tagi
Ei tageja, Lisää ensimmäinen tagi!
|
| Thư viện lưu trữ: | Thư viện Trường CĐ Kỹ Thuật Cao Thắng |
|---|
| LEADER | 01322nam a2200349 a 4500 | ||
|---|---|---|---|
| 001 | TVCDKTCT23155 | ||
| 003 | CT | ||
| 005 | 20220923092426.000 | ||
| 008 | 150204syyyy vn | ||
| 980 | \ | \ | |a Thư viện Trường CĐ Kỹ Thuật Cao Thắng |
| 024 | |a RG_1 #1 eb0 i1 | ||
| 020 | # | # | |c 22.000 đ |
| 041 | 0 | # | |a vie |
| 082 | # | # | |a 604.2 |b B103T |
| 100 | 1 | # | |a Bộ môn vẽ kỹ thuật |
| 245 | 1 | 0 | |a Bài tập vẽ kỹ thuật phần 2 / |c Bộ môn vẽ kỹ thuật |
| 246 | # | # | |b Lưu hành nội bộ |
| 250 | # | # | |a Lần thứ 1 |
| 260 | # | # | |a TP.HCM : |b CĐKT Cao Thắng, |c 2013 |
| 300 | |a 33tr |c 27 cm | ||
| 520 | # | # | |a Cuốn sách gồm 33 bài tập, giúp sinh viên thực hành, nắm vững kiến thức lý thuyết đã học. |
| 541 | # | # | |a Mua |
| 650 | # | 4 | |a Vẽ kỹ thuật |
| 653 | # | # | |a Technical drawing |
| 721 | # | # | |a 01. CNKT Điện - Điện tử |
| 721 | # | # | |a 02. CNKT Điện tử viễn thông |
| 721 | # | # | |a 03. CNKT Cơ khí |
| 721 | # | # | |a 04. CNKT Ô tô |
| 721 | # | # | |a 06. CNKT Nhiệt lạnh |
| 721 | # | # | |a 07. CNKT Cơ điện tử |
| 721 | # | # | |a 08. CNKT Điều khiển và Tự động hóa |
| 841 | # | # | |b Kho Sách |j 100043719, 100043741, 100043760, 100044312, 100044319 |